[Event "Wch Seniors 50 28th"]
[Site "Bled"]
[Date "2018.11.23"]
[Round "6"]
[White "Warstad, Leif Edvin"]
[Black "Fainman, Avi"]
[Result "1/2-1/2"]
[WhiteElo "1544"]
[BlackElo "1385"]
[PlyCount "87"]
[EventDate "2018.11.18"]
[EventType "swiss"]
[EventRounds "11"]
[EventCountry "SLO"]
[SourceTitle "CBM 187 Extra"]
[Source "ChessBase"]
[SourceDate "2018.11.04"]
[SourceVersion "1"]
[SourceVersionDate "2018.11.04"]
[SourceQuality "1"]

1. d4 d5 2. Nf3 Bf5 3. c4 e6 4. Nc3 Nf6 5. e3 c6 6. Be2 dxc4 7. Bxc4 Bd6 8. 0-0 Qc7 9. h3 Nbd7 10. a4 0-0 11. Bd3 Bxd3 12. Qxd3 h6 13. Rd1 Rad8 14. Qe2 e5 15. dxe5 Nxe5 16. e4 Nxf3+ 17. Qxf3 Bh2+ 18. Kf1 Rxd1+ 19. Qxd1 Rd8 20. Qf3 Be5 21. g3 Bxc3 22. bxc3 Qe5 23. Bf4 Qxe4 24. Qxe4 Nxe4 25. c4 Nd2+ 26. Bxd2 Rxd2 27. Rb1 b6 28. a5 Rc2 29. axb6 axb6 30. Rxb6 Rxc4 31. Rb8+ Kh7 32. h4 Kg6 33. Kg2 Rc3 34. Rc8 Kf6 35. g4 g5 36. h5 Rc4 37. Kg3 Rc3+ 38. f3 c5 39. Rc6+ Kg7 40. Kf2 c4 41. Ke2 Rc2+ 42. Ke3 Rc3+ 43. Ke2 Rc2+ 44. Ke3 1/2-1/2

[Event "Wch Seniors 50 28th"]
[Site "Bled"]
[Date "2018.11.21"]
[Round "4"]
[White "Dabraccio, Guillermo"]
[Black "Fainman, Avi"]
[Result "1/2-1/2"]
[WhiteElo "1686"]
[BlackElo "1385"]
[PlyCount "72"]
[EventDate "2018.11.18"]
[EventType "swiss"]
[EventRounds "11"]
[EventCountry "SLO"]
[SourceTitle "CBM 187 Extra"]
[Source "ChessBase"]
[SourceDate "2018.11.04"]
[SourceVersion "1"]
[SourceVersionDate "2018.11.04"]
[SourceQuality "1"]

1. Nf3 d5 2. d4 Bf5 3. Nbd2 Nf6 4. e3 e6 5. Be2 Nbd7 6. Nh4 Bg6 7. Nxg6 hxg6 8. b3 c6 9. Bf3 Bb4 10. Bb2 Qc7 11. h3 e5 12. a3 Bd6 13. Rc1 e4 14. Be2 Nb6 15. c4 dxc4 16. bxc4 c5 17. Nb3 Nbd7 18. Qc2 a5 19. dxc5 Nxc5 20. Nxc5 Bxc5 21. Bxf6 gxf6 22. Qxe4+ Qe7 23. Qxe7+ Bxe7 24. c5 Rc8 25. Bb5+ Kf8 26. Ke2 Rxc5 27. a4 Kg7 28. Rcd1 Rc2+ 29. Kf3 b6 30. Rd7 Bc5 31. Rd5 Rh5 32. Rhd1 Rxd5 33. Rxd5 f5 34. g3 Bb4 35. h4 Be1 36. Be2 Bb4 1/2-1/2

[Event "Wch Seniors 50 28th"]
[Site "Bled"]
[Date "2018.11.18"]
[Round "1"]
[White "Fainman, Avi"]
[Black "Gayson, Peter"]
[Result "0-1"]
[WhiteElo "1385"]
[BlackElo "2141"]
[PlyCount "82"]
[EventDate "2018.11.18"]
[EventType "swiss"]
[EventRounds "11"]
[EventCountry "SLO"]
[SourceTitle "CBM 187 Extra"]
[Source "ChessBase"]
[SourceDate "2018.11.04"]
[SourceVersion "1"]
[SourceVersionDate "2018.11.04"]
[SourceQuality "1"]

1. d4 d5 2. Bf4 Nf6 3. Nf3 e6 4. e3 Be7 5. Nbd2 0-0 6. c3 c5 7. Bd3 Nc6 8. 0-0 b6 9. Ne5 Nxe5 10. Bxe5 Bb7 11. Re1 Rc8 12. Rc1 h6 13. a3 Re8 14. Bb5 Rf8 15. c4 a6 16. Ba4 dxc4 17. Bc2 b5 18. f3 Bd6 19. Bxd6 Qxd6 20. dxc5 Rxc5 21. Qe2 Rfc8 22. Rcd1 Qc7 23. e4 Qe5 24. b4 cxb3 25. Bxb3 Rc3 26. Rb1 Qc5+ 27. Kf1 Qxa3 28. Ra1 Qc5 29. e5 Nd5 30. Bxd5 Qxd5 31. Ne4 Rc2 32. Qe3 Qc4+ 33. Kg1 Bxe4 34. Qxe4 Qxe4 35. Rxe4 Rc1+ 36. Rxc1 Rxc1+ 37. Kf2 a5 38. Rd4 a4 39. Rd8+ Kh7 40. Ke2 a3 41. Kd2 a2 0-1